Biggest Cities in Southeast Asia - Statistics

General Stats
  • This quiz has been taken 22 times
  • The average score is 23 of 42
Answer Stats
Population City Country % Correct
5,666,264 Bangkok Thailand
100%
3,605,364 Ha Noi Viet Nam
100%
9,607,787 Jakarta Indonesia
100%
1,780,148 Manila Philippines
100%
5,685,807 Singapore -
100%
7,004,921 Ho Chi Minh City Viet Nam
95%
1,588,750 Kuala Lumpur Malaysia
95%
2,444,160 Bandung Indonesia
90%
2,874,314 Surabaya Indonesia
90%
4,728,524 Yangon Myanmar
90%
2,189,460 Phnom Penh Cambodia
85%
1,225,546 Mandalay Myanmar
80%
2,435,252 Medan Indonesia
80%
2,936,116 Quezon City Philippines
80%
922,611 Cebu Philippines
75%
988,561 Da Nang Viet Nam
75%
725,314 Denpasar Indonesia
75%
1,325,168 Davao Philippines
65%
1,423,877 Makassar Indonesia
65%
1,668,848 Palembang Indonesia
65%
708,127 George Town Malaysia
50%
841,520 Hai Phong Viet Nam
50%
1,653,524 Semarang Indonesia
50%
1,166,066 Bandar Lampung Indonesia
45%
983,356 Pekanbaru Indonesia
40%
1,043,070 Bogor Indonesia
35%
843,810 Malang Indonesia
35%
1,895,486 Tangerang Indonesia
35%
1,196,396 Batam Indonesia
30%
2,543,676 Bekasi Indonesia
30%
812,088 Can Tho Viet Nam
30%
909,040 Padang Indonesia
30%
2,056,335 Depok Indonesia
25%
1,354,350 South Tangerang Indonesia
25%
1,583,978 Caloocan Philippines
20%
755,300 Pasig Philippines
20%
827,994 Samarinda Indonesia
15%
804,915 Taguig Philippines
15%
776,386 Antipolo Philippines
10%
830,829 Bien Hoa Viet Nam
10%
716,155 Tasikmalaya Indonesia
5%
818,197 Seberang Perai Malaysia
0%
No matching quizzes found
Score Distribution
Percent of People with Each Score
Percentile by Number Answered
Your Score History
You have not taken this quiz